[Event "‘Mazing May"]
[Site "SchemingMind.com"]
[Date "2020.06.07"]
[Round "-"]
[White "Manfred Kraut"]
[Black "Black Knight"]
[Result "1-0"]
[WhiteCountry "GER"]
[BlackCountry "USA"]
[WhiteElo "1318"]
[WhiteRD "62"]
[BlackElo "1301"]
[BlackRD "53"]
[GameID "455893"]

1. d4 Nf6 2. Nf3 g6 3. e3 d6 4. Bd3 Bg7 5. O-O O-O 6. b3 Bg4 7. Nbd2 Nc6 8. Qe1 e5 9. Ne4 Bxf3 10. gxf3 Nxe4
11. Bxe4 d5 12. Bd3 a6 13. c3 e4 14. fxe4 dxe4 15. Bxe4 Re8 16. Bd3 b5 17. Ba3 b4 18. cxb4 a5 19. b5 Nb4 20. Bxb4 axb4
21. Qxb4 Qg5+ 22. Kh1 Rab8 23. a4 Qd5+ 24. Kg1 Qg5+ 25. Kh1 Bf8 26. Qc4 Rb7 27. f4 Qe7 28. Rae1 Qe6 29. Qxe6 Rxe6 30. f5 Rf6
31. e4 Bb4 32. Re2 Bc3 33. e5 Rxf5 34. Bxf5 gxf5 35. Rxf5 Bxd4 36. Rg2+ Kf8 37. e6 c5 38. Rxf7+ Rxf7 39. exf7 Kxf7 40. a5 c4
41. bxc4 Ke7 42. b6 Kd7 43. b7 Kc7 44. a6 Kb8 45. Rg8+
1-0

[Event "‘Mazing May"]
[Site "SchemingMind.com"]
[Date "2020.06.07"]
[Round "-"]
[White "Black Knight"]
[Black "Manfred Kraut"]
[Result "0-1"]
[WhiteCountry "USA"]
[BlackCountry "GER"]
[WhiteElo "1312"]
[WhiteRD "50"]
[BlackElo "1326"]
[BlackRD "65"]
[GameID "455894"]

1. e4 c5 2. Nf3 Nc6 3. Bb5 g6 4. Nc3 Bg7 5. b3 d6 6. Bb2 Bd7 7. Bxc6 Bxc6 8. d3 Nf6 9. Nd5 O-O 10. O-O Nxd5
11. Bxg7 Kxg7 12. exd5 Bxd5 13. c4 Bc6 14. d4 cxd4 15. Nxd4 Qd7 16. Nxc6 Qxc6 17. Re1 b5 18. Rxe7 bxc4 19. Rc1 Rae8 20. Qd4+ Kg8
21. Rxc4 Qb6 22. Qf6 d5 23. Rc6 Rxe7 24. Kf1 Qb5+
0-1

[Event "‘Mazing May"]
[Site "SchemingMind.com"]
[Date "2020.06.07"]
[Round "-"]
[White "Manfred Kraut"]
[Black "Clem"]
[Result "1-0"]
[WhiteCountry "GER"]
[BlackCountry "USA"]
[WhiteElo "1326"]
[WhiteRD "65"]
[BlackElo "1435"]
[BlackRD "56"]
[GameID "455895"]

1. d4 d5 2. Nf3 Nf6 3. e3 a6 4. Bd3 Nc6 5. O-O e6 6. b3 Bb4 7. a3 Bd6 8. Bb2 O-O 9. Nbd2 Re8 10. Ne5 Ne4
11. Nxe4 Nxe5 12. dxe5 dxe4 13. Bxe4 Bc5 14. Qh5 f5 15. exf6 gxf6 16. Qxh7+ Kf8 17. Bg6 Re7 18. Qh8#
1-0

[Event "‘Mazing May"]
[Site "SchemingMind.com"]
[Date "2020.06.07"]
[Round "-"]
[White "Clem"]
[Black "Manfred Kraut"]
[Result "1-0"]
[WhiteCountry "USA"]
[BlackCountry "GER"]
[WhiteElo "1435"]
[WhiteRD "56"]
[BlackElo "1326"]
[BlackRD "65"]
[GameID "455896"]

1. e4 c5 2. Bc4 Nc6 3. Nf3 g6 4. d4 Bg7 5. dxc5 Qa5+ 6. Bd2 Qxc5 7. b3 Bxa1 8. Be3 Qb4+ 9. Bd2 Qd6 10. O-O Bg7
11. Ng5 e6 12. Qf3 Nf6 13. Rd1 Qe7 14. Qh3 Ne5 15. f4 Nxc4 16. bxc4 Qc5+ 17. Be3 Qxc4 18. Qf3 Qxc2 19. Rc1 Qxa2 20. Nc3 Qa6
21. e5 O-O 22. Ne2 Rb8 23. exf6 Bh8 24. Ng3 b5 25. Nh5 gxh5 26. Qxh5 d5 27. Qxh7#
1-0

[Event "‘Mazing May"]
[Site "SchemingMind.com"]
[Date "2020.06.07"]
[Round "-"]
[White "Manfred Kraut"]
[Black "dmlowrey"]
[Result "0-1"]
[WhiteCountry "GER"]
[BlackCountry "USA"]
[WhiteElo "1318"]
[WhiteRD "62"]
[BlackElo "1577"]
[BlackRD "76"]
[GameID "455897"]

1. d4 Nf6 2. Nf3 d5 3. e3 e6 4. Bd3 c5 5. c4 Nc6 6. O-O Nb4 7. cxd5 Nxd3 8. Qxd3 Nxd5 9. Rd1 a6 10. dxc5 Bxc5
11. Nc3 b5 12. Qe4 O-O 13. Nxd5 exd5 14. Rxd5 Bb7 15. Rxd8 Bxe4 16. Rxf8+ Kxf8 17. a3 Rd8 18. Bd2 Bxf3 19. gxf3 Rxd2 20. b4 Bd6
21. f4 Ke7 22. Kg2 Ke6 23. Kf3 Kf5 24. e4+ Ke6 25. Ke3 Rc2 26. e5 Be7 27. Rd1 Rc3+ 28. Ke4 f5+ 29. Kd4 Rxa3 30. Rc1 Bxb4
31. Rc6+ Kd7 32. Rc2 Ra1 33. Re2 Rc1 34. Ke3 Rc8 35. Kd4 Ra8 36. Kd5 a5 37. e6+ Ke7 38. Re5 a4 39. Rxf5 a3 40. Rf7+ Ke8
41. Rxg7 a2 42. Rg8+ Bf8
0-1

[Event "‘Mazing May"]
[Site "SchemingMind.com"]
[Date "2020.06.07"]
[Round "-"]
[White "dmlowrey"]
[Black "Manfred Kraut"]
[Result "1-0"]
[WhiteCountry "USA"]
[BlackCountry "GER"]
[WhiteElo "1577"]
[WhiteRD "76"]
[BlackElo "1318"]
[BlackRD "62"]
[GameID "455898"]

1. e4 c5 2. Nc3 Nc6 3. Nf3 g6 4. d4 cxd4 5. Nxd4 Bg7 6. Be3 d6 7. Bc4 Nf6 8. Qf3 O-O 9. O-O-O Qa5 10. Nxc6 bxc6
11. Bd2 Bb7 12. Ne2 Qc7 13. h4 c5 14. Nc3 a5 15. Bg5 a4 16. a3 e6 17. Bxf6 Rab8 18. Bxg7 Kxg7 19. h5 h6 20. Qg3 e5
21. hxg6 fxg6 22. Rh3 Qb6 23. Rxh6 Kxh6 24. Qh4+ Kg7 25. Qe7+ Rf7 26. Qxf7+ Kh6 27. Rh1+ Kg5 28. Qe7+ Kf4 29. Rh4#
1-0

[Event "‘Mazing May"]
[Site "SchemingMind.com"]
[Date "2020.06.07"]
[Round "-"]
[White "Manfred Kraut"]
[Black "John Lewis"]
[Result "0-1"]
[WhiteCountry "GER"]
[BlackCountry "WLS"]
[WhiteElo "1326"]
[WhiteRD "65"]
[BlackElo "1299"]
[BlackRD "54"]
[GameID "455899"]

1. d4 d5 2. Nf3 Bg4 3. e3 Bxf3 4. Qxf3 e6 5. b3 Nf6 6. Bb2 g6 7. Nd2 b5 8. c4 a6 9. cxb5 axb5 10. e4 Bg7
11. e5 Nfd7 12. Bxb5 c6 13. Bd3 O-O 14. O-O Qa5 15. Rfd1 c5 16. dxc5 Qxc5 17. Rac1 Qb4 18. g3 Nxe5 19. Bc3 Qa3 20. Rc2 Nxf3+
21. Nxf3 Bxc3 22. Rxc3 Qxa2 23. Nd4 Qb2 24. Rc2 Qxd4 25. Be2 Qb4 26. Rd3 Qe1+ 27. Kg2 Ra1 28. Kf3 Qh1+ 29. Ke3 Qxh2 30. Kf3 Qh1+
31. Ke3 Qe4+ 32. Kd2 Na6 33. Kc3 Rc8+ 34. Kb2 Rxc2+ 35. Kxc2 Qxe2+ 36. Rd2 Ra2+
0-1

[Event "‘Mazing May"]
[Site "SchemingMind.com"]
[Date "2020.06.07"]
[Round "-"]
[White "John Lewis"]
[Black "Manfred Kraut"]
[Result "1-0"]
[WhiteCountry "WLS"]
[BlackCountry "GER"]
[WhiteElo "1299"]
[WhiteRD "54"]
[BlackElo "1326"]
[BlackRD "65"]
[GameID "455900"]

1. e4 c5 2. c4 Nc6 3. g3 g6 4. b3 Bg7 5. Bg2 Bxa1 6. Nf3 Bg7 7. O-O d6 8. h3 Nf6 9. d3 O-O 10. Bg5 Bd7
11. Bxf6 Bxf6 12. a3 Qc8 13. Qd2 Bxh3 14. Qh6 Bxg2 15. Kxg2 Ne5 16. Rh1
1-0

[Event "‘Mazing May"]
[Site "SchemingMind.com"]
[Date "2020.06.07"]
[Round "-"]
[White "Manfred Kraut"]
[Black "WonkaEight"]
[Result "0-1"]
[WhiteCountry "GER"]
[BlackCountry "AUS"]
[WhiteElo "1318"]
[WhiteRD "62"]
[BlackElo "1417"]
[BlackRD "66"]
[GameID "455901"]

1. d4 Nf6 2. Nf3 e6 3. e3 d5 4. Bd3 Bd6 5. O-O c5 6. c4 b5 7. cxb5 c4 8. Be2 Ne4 9. Nc3 a6 10. Qa4 Bd7
11. Qa5 Qxa5 12. Ne5 Bxe5 13. dxe5 Bxb5 14. Nxb5 axb5 15. f4 Nd2 16. Rf2 c3 17. bxc3 Qxc3
0-1

[Event "‘Mazing May"]
[Site "SchemingMind.com"]
[Date "2020.06.07"]
[Round "-"]
[White "WonkaEight"]
[Black "Manfred Kraut"]
[Result "0-1"]
[WhiteCountry "AUS"]
[BlackCountry "GER"]
[WhiteElo "1417"]
[WhiteRD "66"]
[BlackElo "1318"]
[BlackRD "62"]
[GameID "455902"]

1. d4 g6 2. c4 Bg7 3. Nf3 d6 4. Nc3 Nf6 5. e4 O-O 6. Bg5 b6 7. e5 dxe5 8. Nxe5 Bb7 9. d5 Nbd7 10. Qd4 Nc5
11. Rd1 Nce4 12. Nxe4 Nh5 13. Be2 Qe8 14. O-O f6 15. Bxf6 exf6 16. Bxh5 fxe5 17. Qd2 gxh5 18. Ng5 Bh6 19. d6 Qg6 20. d7 Rad8
21. h4 Qf5 22. f3 Bc6 23. Rfe1 Rf6 24. g4 hxg4 25. fxg4 Qxg4+ 26. Kh2 Qxh4+ 27. Kg1 Qh1#
0-1

[Event "‘Mazing May"]
[Site "SchemingMind.com"]
[Date "2020.06.03"]
[Round "-"]
[White "Black Knight"]
[Black "Clem"]
[Result "0-1"]
[WhiteCountry "USA"]
[BlackCountry "USA"]
[WhiteElo "1312"]
[WhiteRD "50"]
[BlackElo "1435"]
[BlackRD "56"]
[GameID "455903"]

1. d4 d5 2. c4 e6 3. Nc3 Nf6 4. Bg5 h6 5. Bxf6 Qxf6 6. Nf3 Bb4 7. e3 Nc6 8. cxd5 exd5 9. Bb5 O-O 10. O-O a6
11. Nxd5 Qg6 12. Nf4 Qf5 13. Bxc6 bxc6 14. Re1 Bxe1 15. Qxe1 Bb7 16. Nh4 Qb5 17. b3 Rfe8 18. Nf3 c5 19. Rc1 Bxf3 20. gxf3 cxd4
21. Rxc7 dxe3 22. Rc2 Qb7 23. Re2 Qxf3 24. Ng2 exf2+ 25. Qxf2 Qxe2 26. Nf4 Qe1+
0-1

[Event "‘Mazing May"]
[Site "SchemingMind.com"]
[Date "2020.06.02"]
[Round "-"]
[White "Clem"]
[Black "Black Knight"]
[Result "1-0"]
[WhiteCountry "USA"]
[BlackCountry "USA"]
[WhiteElo "1435"]
[WhiteRD "56"]
[BlackElo "1312"]
[BlackRD "50"]
[GameID "455904"]

1. e4 e5 2. f4 exf4 3. Bc4 c6 4. d3 d5 5. Bb3 d4 6. Nf3 Bg4 7. Bxf4 Bd6 8. Bxd6 Qxd6 9. O-O Nf6 10. h3 Bh5
11. a3 O-O 12. Nbd2 c5 13. g4 Bg6 14. e5 Qe7 15. exf6 gxf6 16. Re1 Qd6 17. Nc4 Qg3+ 18. Kf1 Qxh3+ 19. Kf2 Qxg4 20. Nh2 Qh4+
21. Kg1 Bh5 22. Qd2 Nd7 23. Re4 Qg3+ 24. Kf1 f5 25. Rf4 Qh3+ 26. Qg2+ Qxg2+ 27. Kxg2 Nf6 28. Rxf5 Kg7 29. Rg1 Rae8 30. Kh3+ Bg4+
31. Nxg4 Re6 32. Nxf6+ Kh8 33. Ne5 Re7 34. Nfd7 Rfe8 35. Nxf7+ Rxf7 36. Bxf7 h6 37. Bxe8 Kh7 38. Rf7+ Kh8 39. Rf8+ Kh7 40. Nf6#
1-0

[Event "‘Mazing May"]
[Site "SchemingMind.com"]
[Date "2020.06.02"]
[Round "-"]
[White "Black Knight"]
[Black "dmlowrey"]
[Result "1-0"]
[WhiteCountry "USA"]
[BlackCountry "USA"]
[WhiteElo "1312"]
[WhiteRD "50"]
[BlackElo "1570"]
[BlackRD "91"]
[GameID "455905"]

1. e4 c5 2. f4 d5 3. exd5 Nf6 4. Nc3 e6 5. Bb5+ Bd7 6. dxe6 fxe6 7. Bxd7+ Nbxd7 8. Nf3 Bd6 9. Qe2 Qe7 10. d3 O-O
11. O-O Rae8 12. Ne5 Nd5 13. Nxd7 Qxd7 14. Qg4 Nxc3 15. bxc3 Rf5 16. Bd2 Ref8 17. Rf3 Qa4 18. g3 e5 19. Raf1 Qxa2 20. fxe5 h5
21. Qe4 Rxf3 22. Rxf3 Rxf3 23. exd6 Qa1+ 24. Be1 Rf8 25. Qe6+ Kh8 26. d7 Qa5 27. c4 Qc7 28. Qe8 Rxe8 29. dxe8=Q+ Kh7 30. Qxh5+ Kg8
31. Qe8+ Kh7 32. Bc3 a5 33. Qb5 b6 34. Qe8 Qa7 35. Qh5+ Kg8 36. Qd5+ Kh7 37. g4 a4 38. g5 a3 39. Qe5 a2 40. Qe4+ Kg8
41. Qe1 Qa3 42. Ba1 Kh7 43. Qh4+ Kg8 44. Qe1 Kh7 45. Qh4+ Kg6 46. Qe4+ Kf7 47. g6+ Kf8 48. Kg2 Qc1 49. Qf5+ Ke8 50. Bxg7 a1=Q
51. Bxa1 Qxa1 52. Qf7+
1-0

[Event "‘Mazing May"]
[Site "SchemingMind.com"]
[Date "2020.06.02"]
[Round "-"]
[White "dmlowrey"]
[Black "Black Knight"]
[Result "1-0"]
[WhiteCountry "USA"]
[BlackCountry "USA"]
[WhiteElo "1570"]
[WhiteRD "91"]
[BlackElo "1312"]
[BlackRD "50"]
[GameID "455906"]

1. e4 e5 2. Nf3 Nc6 3. d4 Nxd4 4. Nxd4 exd4 5. Qxd4 Qe7 6. Nc3 d6 7. Be3 c5 8. Qd2 Nf6 9. f3 g6 10. O-O-O Bd7
11. Bg5 Bg7 12. e5 dxe5 13. Nd5 Bc6 14. Nxe7 Rd8 15. Qxd8#
1-0

[Event "‘Mazing May"]
[Site "SchemingMind.com"]
[Date "2020.06.02"]
[Round "-"]
[White "Black Knight"]
[Black "John Lewis"]
[Result "1-0"]
[WhiteCountry "USA"]
[BlackCountry "WLS"]
[WhiteElo "1312"]
[WhiteRD "50"]
[BlackElo "1299"]
[BlackRD "54"]
[GameID "455907"]

1. e4 e5 2. Nf3 d6 3. Bc4 Nf6 4. Nc3 Bg4 5. Be2 Bxf3 6. Bxf3 g6 7. d3 Bg7 8. Bg5 c6 9. O-O O-O 10. Qd2 Qa5
11. Rfd1 Nfd7 12. a3 Re8 13. b4 Qc7 14. a4 h6 15. Bxh6 Kh7 16. Bxg7 Kxg7 17. Qg5 f6 18. Qg3 Kf7 19. b5 cxb5 20. Rd2 b4
21. Nb5 Qc5 22. Bg4 Nf8 23. Qe3 Rd8 24. Qxc5 dxc5 25. Nc7 Rd6 26. Nxa8 Ne6 27. Bxe6+ Rxe6 28. Nc7 Rc6 29. Nd5 a5 30. Rb1 c4
31. dxc4 Rxc4 32. f3 Nd7 33. Ne3 Nc5 34. Nxc4 Nxa4 35. Nxa5 f5 36. Rxb4 Nc5 37. Nxb7 Ne6 38. Nd6+ Kf6 39. Ne8+ Ke7 40. Nd6 f4
41. Rb7+ Kf6 42. Nf7 g5 43. Rd6
1-0

[Event "‘Mazing May"]
[Site "SchemingMind.com"]
[Date "2020.06.02"]
[Round "-"]
[White "John Lewis"]
[Black "Black Knight"]
[Result "1-0"]
[WhiteCountry "WLS"]
[BlackCountry "USA"]
[WhiteElo "1299"]
[WhiteRD "54"]
[BlackElo "1312"]
[BlackRD "50"]
[GameID "455908"]

1. e4 c5 2. c4 e5 3. Nf3 Nc6 4. g3 Nf6 5. d3 d6 6. Bg2 Bg4 7. O-O Be7 8. Bg5 Bxf3 9. Qxf3 Nd4 10. Qd1 h6
11. Bxf6 Bxf6 12. Nc3 O-O 13. Nd5 Be7 14. Qg4 Bg5 15. Rad1 Re8 16. h4 Bf6 17. b3 b6 18. Rb1 Rb8 19. a4 Rb7 20. b4 Qd7
21. b5 Qxg4 22. f3 Qe6 23. Rfe1 Nc2 24. Re2 Nd4 25. Rd2 g5 26. f4 gxf4 27. gxf4 exf4 28. Nxf4 Qg4 29. Nd5 Bg7 30. Rf2 Ne6
31. Rbf1 Bd4 32. Kh2 Bxf2 33. Nf6+ Kh8 34. Nxg4 Bxh4 35. Kh3 Bg5 36. e5 Nd4 37. Bxb7 dxe5 38. Re1 Re7 39. Bd5 h5 40. Nxe5 Bd2
41. Rf1 Rxe5 42. Rxf7 Re3+ 43. Kh4 Re5 44. Rxa7 Nf3+ 45. Bxf3 Rg5 46. Bxh5 Bf4 47. Rb7 Rg3 48. Rxb6 Rxd3 49. a5 Rc3 50. a6 Rxc4
51. a7 Ra4 52. Ra6
1-0

[Event "‘Mazing May"]
[Site "SchemingMind.com"]
[Date "2020.06.03"]
[Round "-"]
[White "Black Knight"]
[Black "WonkaEight"]
[Result "0-1"]
[WhiteCountry "USA"]
[BlackCountry "AUS"]
[WhiteElo "1312"]
[WhiteRD "50"]
[BlackElo "1390"]
[BlackRD "67"]
[GameID "455909"]

1. e4 c5 2. Nf3 Nc6 3. Bb5 g6 4. Nc3 Bg7 5. Bxc6 dxc6 6. d4 cxd4 7. Ne2 e5 8. O-O Bg4 9. Ng3 Qf6 10. h3 Bxf3
11. Qxf3 Qxf3 12. gxf3 O-O-O 13. Bg5 f6 14. Bd2 g5 15. Nf5 Bf8 16. a3 Bc5 17. b4 Bb6 18. Bc1 d3 19. cxd3 Rxd3 20. Kg2 Bd4
21. Nxd4 exd4 22. Bb2 Ne7 23. Rfd1 Rxd1 24. Rxd1 c5 25. bxc5 Nc6 26. Bxd4 Rd8 27. Kf1 Nxd4 28. Ke1 Nxf3+ 29. Ke2 Nd4+ 30. Ke3 Nc2+
31. Ke2 Rxd1 32. Kxd1 Nxa3 33. Ke2 a5 34. Kd3 a4 35. Kc3 Nb1+ 36. Kb2 Nd2 37. Ka3 Nxe4 38. Kxa4 Nxf2
0-1

[Event "‘Mazing May"]
[Site "SchemingMind.com"]
[Date "2020.06.03"]
[Round "-"]
[White "WonkaEight"]
[Black "Black Knight"]
[Result "0-1"]
[WhiteCountry "AUS"]
[BlackCountry "USA"]
[WhiteElo "1390"]
[WhiteRD "67"]
[BlackElo "1312"]
[BlackRD "50"]
[GameID "455910"]

1. d4 d5 2. c4 Nf6 3. e3 Bf5 4. Nc3 e6 5. c5 c6 6. Nf3 Be7 7. Ng5 Ne4 8. Ngxe4 Bxe4 9. Bd3 Bxd3 10. Qxd3 O-O
11. O-O Nd7 12. f4 f5 13. Rf3 g6 14. b4 b5 15. cxb6 axb6 16. e4 dxe4 17. Nxe4 fxe4 18. Qxe4 c5 19. bxc5 bxc5 20. Bb2 Nf6
21. Qe3 Nd5 22. Qxe6+ Kh8 23. dxc5+ Bf6 24. Rb1 Bxb2 25. Rxb2 Rf6 26. Qh3 Nxf4 27. Qh6 g5 28. Rb7 Rxh6
0-1

[Event "‘Mazing May"]
[Site "SchemingMind.com"]
[Date "2020.06.02"]
[Round "-"]
[White "Clem"]
[Black "dmlowrey"]
[Result "0-1"]
[WhiteCountry "USA"]
[BlackCountry "USA"]
[WhiteElo "1435"]
[WhiteRD "56"]
[BlackElo "1570"]
[BlackRD "91"]
[GameID "455911"]

1. e4 c5 2. f4 d5 3. Bb5+ Bd7 4. a4 a6 5. Bxd7+ Qxd7 6. Nc3 Nf6 7. d3 e6 8. Nf3 dxe4 9. Ne5 Qc7 10. O-O exd3
11. Qxd3 Nc6 12. Qe3 O-O-O 13. Qxc5 Bxc5+ 14. Kh1 Nxe5 15. fxe5 Qxe5 16. Bf4 Qd4 17. Rad1 Qc4 18. Rf3 Rxd1+ 19. Nxd1 Qxc2 20. Rf1= Qc4
0-1

[Event "‘Mazing May"]
[Site "SchemingMind.com"]
[Date "2020.06.02"]
[Round "-"]
[White "dmlowrey"]
[Black "Clem"]
[Result "1-0"]
[WhiteCountry "USA"]
[BlackCountry "USA"]
[WhiteElo "1570"]
[WhiteRD "91"]
[BlackElo "1435"]
[BlackRD "56"]
[GameID "455912"]

1. e4 e5 2. Nf3 Nc6 3. d4 d6 4. Bb5 Bd7 5. Bxc6 Bxc6 6. dxe5 Bxe4 7. c3 a6 8. Qa4+ Bc6 9. Qc2 Bxf3 10. gxf3 d5
11. Be3 b6 12. Nd2 Be7 13. f4 Nh6 14. O-O-O Ng4 15. Rhg1 Qd7 16. Bd4 c5 17. e6 Qxe6 18. Bxg7 Rg8 19. Qxh7 Nxf2 20. Qxg8+ Kd7
21. Qxa8 Nxd1 22. Kxd1 Bh4 23. Re1 Qg4+ 24. Re2 Qxg7 25. Nf3 Bd8 26. Ne5+ Kc7 27. Qc6+ Kb8 28. Nd7+ Ka7 29. Qc8
1-0

[Event "‘Mazing May"]
[Site "SchemingMind.com"]
[Date "2020.06.02"]
[Round "-"]
[White "Clem"]
[Black "John Lewis"]
[Result "1-0"]
[WhiteCountry "USA"]
[BlackCountry "WLS"]
[WhiteElo "1435"]
[WhiteRD "56"]
[BlackElo "1299"]
[BlackRD "54"]
[GameID "455913"]

1. e4 e5 2. f4 exf4 3. Bc4 Nf6 4. d3 g6 5. Nf3 Bg7 6. O-O O-O 7. Bxf4 h6 8. Qd2 d6 9. Nc3 c6 10. Bxh6 Ng4
11. Bxg7 Kxg7 12. h3 Nf6 13. Nh4 b5 14. Bb3 Qb6+ 15. Kh1 Rh8 16. Qg5 Qd8 17. Nf5+ Bxf5 18. Rxf5 Rh5 19. Qg3 Rxf5 20. exf5 d5
21. Rf1 Nbd7 22. Ne2 Qe7 23. Nd4 Rc8 24. fxg6 Qe8 25. Nf5+ Kg8 26. Nd6 Qd8 27. gxf7+ Kf8 28. Qg6 Rc7 29. Qh6+ Ke7 30. Nf5+ Kxf7
31. Qg7+ Ke6 32. Nd4+ Kd6 33. Qg3+ Kc5 34. Ne6+ Kb6 35. Nxd8 Nh5 36. Qe3+ Nc5 37. Rf5 Ng7 38. Rf6 a5 39. Bxd5 Rd7 40. Nxc6 Rxd5
41. Nb4+ Kc7 42. Qe7+ Nd7 43. Nxd5+ Kc8 44. Qxg7 Nxf6 45. Qc7#
1-0

[Event "‘Mazing May"]
[Site "SchemingMind.com"]
[Date "2020.06.02"]
[Round "-"]
[White "John Lewis"]
[Black "Clem"]
[Result "0-1"]
[WhiteCountry "WLS"]
[BlackCountry "USA"]
[WhiteElo "1299"]
[WhiteRD "54"]
[BlackElo "1435"]
[BlackRD "56"]
[GameID "455914"]

1. e4 e5 2. Nf3 Bc5 3. Nxe5 Qf6 4. Ng4 Qb6 5. d4 Bxd4 6. c3 Bc5 7. b4 Bxb4 8. cxb4 Qxb4+ 9. Bd2 Qxe4+ 10. Ne3 Nf6
11. Nc3 Qe5 12. g3 Nc6 13. Bg2 O-O 14. O-O a6 15. Nc4 Qf5 16. Bxc6 bxc6 17. Re1 Qh3 18. Qf3 Ng4 19. Qg2 Qh5 20. h3 Nf6
21. Ne5 d5 22. Nxc6 Bxh3 23. Qh2 Ng4 24. Qh1 f5 25. f3 Nf6 26. Kf2 f4 27. g4 Qh4+ 28. Ke2 Rfe8+ 29. Kd1 Rxe1+ 30. Bxe1 Qh6
31. Ne7+ Kf8 32. Nexd5 Rd8 33. Bd2 Nxd5 34. Ne4 Ne3+ 35. Kc1 Qc6+ 36. Nc3 Qc5 37. Qe1 Bf1 38. Bxe3 fxe3 39. Kb2 Qb4+ 40. Kc2 Bd3+
41. Kc1 Qa3+ 42. Kd1 Bc4+ 43. Kc2 Rd2+ 44. Qxd2 exd2 45. Kxd2 Qb2+ 46. Ke3 Qxc3+ 47. Kf4 Qxa1 48. Kg3 g5 49. f4 Qe1+ 50. Kf3 Qe2+
51. Kg3 Qe3+
0-1

[Event "‘Mazing May"]
[Site "SchemingMind.com"]
[Date "2020.06.03"]
[Round "-"]
[White "Clem"]
[Black "WonkaEight"]
[Result "0-1"]
[WhiteCountry "USA"]
[BlackCountry "AUS"]
[WhiteElo "1430"]
[WhiteRD "57"]
[BlackElo "1417"]
[BlackRD "66"]
[GameID "455915"]

1. e4 d6 2. f4 e5 3. d3 g6 4. Nc3 Bg7 5. Nf3 Bg4 6. h3 Bd7 7. d4 exd4 8. Nxd4 Bxd4 9. Qxd4 Qf6 10. e5 Qh4+
11. Kd1 Nc6 12. exd6 Nf6 13. Qe3+ Be6 14. Nb5 O-O-O 15. Nxa7+ Kd7 16. Bb5 Bg4+ 17. Kd2 Rde8 18. Qc5 Ne4+ 19. Kd3 Nxc5+ 20. Kc4 Kxd6
21. Rd1+ Bxd1 22. Bd2 Re4+ 23. Kc3 Qg3+ 24. Bd3 Bxc2 25. Kxc2 Qxd3+ 26. Kd1 Qf1+
0-1

[Event "‘Mazing May"]
[Site "SchemingMind.com"]
[Date "2020.06.03"]
[Round "-"]
[White "WonkaEight"]
[Black "Clem"]
[Result "0-1"]
[WhiteCountry "AUS"]
[BlackCountry "USA"]
[WhiteElo "1417"]
[WhiteRD "66"]
[BlackElo "1430"]
[BlackRD "57"]
[GameID "455916"]

1. d4 d5 2. c4 e6 3. Nf3 Nf6 4. Nc3 Bd6 5. e3 O-O 6. c5 Be7 7. Bd3 Nc6 8. O-O Re8 9. e4 b6 10. Bg5 bxc5
11. e5 Nd7 12. h4 Bxg5 13. Nxg5 g6 14. Qg4 cxd4 15. Ne2 Ncxe5 16. Qg3 Nxd3 17. Qxd3 c5 18. Nf4 Ne5 19. Qh3 f6 20. Nxh7 Kxh7
21. Rae1 Ba6 22. Rxe5 Bxf1 23. Rxe6 Rxe6 24. Nxe6 Qe7 25. Kxf1 Rb8 26. b3 f5 27. Nf4 Qe4 28. Qg3 Rg8 29. f3 Qb1+ 30. Kf2 Qxa2+
31. Kg1 Qxb3 32. Qe1 d3 33. h5 g5 34. Qe7+ Rg7 35. Qf6 gxf4 36. h6 Rg6 37. Qxf5 Kxh6 38. Qxf4+ Rg5 39. Qh4+ Kg6 40. f4 Qd1+
41. Kh2 Rh5 42. f5+ Kh6 43. Qxh5+ Qxh5+ 44. Kg3 d2
0-1

[Event "‘Mazing May"]
[Site "SchemingMind.com"]
[Date "2020.06.02"]
[Round "-"]
[White "dmlowrey"]
[Black "John Lewis"]
[Result "1-0"]
[WhiteCountry "USA"]
[BlackCountry "WLS"]
[WhiteElo "1570"]
[WhiteRD "91"]
[BlackElo "1299"]
[BlackRD "54"]
[GameID "455917"]

1. e4 e5 2. Nf3 d6 3. d4 f6 4. dxe5 fxe5 5. Nc3 Nf6 6. Bc4 Bg4 7. h3 Bxf3 8. Qxf3 c6 9. Bg5 b5 10. Bb3 Be7
11. Be3 a5 12. O-O Qd7 13. a4 b4 14. Ne2 d5 15. exd5 cxd5 16. Rad1 Ra6 17. Bg5 e4 18. Qg3 Nh5 19. Qxb8+ Bd8 20. Rxd5 Rd6
21. Rxd6 Qc7 22. Qxd8+ Qxd8 23. Rxd8#
1-0

[Event "‘Mazing May"]
[Site "SchemingMind.com"]
[Date "2020.06.02"]
[Round "-"]
[White "John Lewis"]
[Black "dmlowrey"]
[Result "0-1"]
[WhiteCountry "WLS"]
[BlackCountry "USA"]
[WhiteElo "1299"]
[WhiteRD "54"]
[BlackElo "1570"]
[BlackRD "91"]
[GameID "455918"]

1. e4 c5 2. c4 Nc6 3. Nf3 e6 4. g3 Nf6 5. d3 Be7 6. Bg2 b6 7. O-O Bb7 8. e5 Ng4 9. h3 Nh6 10. Bxh6 gxh6
11. Nc3 Rg8 12. g4 h5 13. gxh5 Nxe5 14. Nxe5 Bxg2 15. Re1 Bf3+ 16. Kf1 Bxd1 17. Rexd1 Bf6 18. Re1 Qc7 19. Nf3 O-O-O 20. Rab1 Qf4
21. Re3 Qg5 22. Nxg5 Bxg5 23. Re4 Rg7 24. d4 Rdg8 25. Ne2 f5 26. Re5 f4 27. dxc5 bxc5 28. Rxc5+ Kd8 29. Ra5 Bh4 30. Rxa7 Ke7
31. Rd1 Rd8 32. Nxf4 Rf7 33. Nd3 Rdf8 34. f4 Bf6 35. b4 Bc3 36. b5 h6 37. Nc5 Rxf4+ 38. Ke2 Rf2+ 39. Kd3 R8f3+ 40. Ke4 Rf4+
41. Ke3 R2f3+ 42. Ke2 Rf2+ 43. Kd3 R4f3+ 44. Ke4 Rxh3 45. Nd3 Rf5 46. Nf4 Kf6 47. Raxd7 Re5#
0-1

[Event "‘Mazing May"]
[Site "SchemingMind.com"]
[Date "2020.06.03"]
[Round "-"]
[White "dmlowrey"]
[Black "WonkaEight"]
[Result "1-0"]
[WhiteCountry "USA"]
[BlackCountry "AUS"]
[WhiteElo "1575"]
[WhiteRD "73"]
[BlackElo "1415"]
[BlackRD "66"]
[GameID "455919"]

1. e4 e5 2. Nf3 Nc6 3. d4 exd4 4. Nxd4 Nf6 5. Nc3 Bb4 6. Nxc6 bxc6 7. Qd3 O-O 8. Bg5 h6 9. Bh4 Be7 10. Bg3 Bc5
11. O-O-O Rb8 12. e5 Ng4 13. f3 Nf2 14. Bxf2 Bxf2 15. Ne4 Bh4 16. g3 Be7 17. Qc3 Bb4 18. Qe3 d5 19. c3 Ba5 20. Bd3 dxe4
21. Bxe4 Bd7 22. Qxa7 Ra8 23. Qd4 Bb6 24. Qxd7 Be3+ 25. Kb1 Qb8 26. Rd3 Rd8 27. Qxd8+ Qxd8 28. Rxd8+ Rxd8 29. Re1 Bf2 30. Rf1 Rd2
31. a4 c5 32. Kc1 Be3 33. Rd1 Re2+ 34. Kb1 Rd2 35. Rxd2 Bxd2= 36. a5 c4 37. Bd5 Kf8 38. a6 Be3 39. f4 Ke7 40. Bxc4 Kd8
41. Bxf7 Kc8 42. Kc2 Kb8 43. e6 Bc5 44. b4 Be7 45. Be8 Ka7 46. b5 Kb6 47. h4 Bc5 48. c4 Bf2 49. Bc6 Bxg3 50. e7
1-0

[Event "‘Mazing May"]
[Site "SchemingMind.com"]
[Date "2020.06.03"]
[Round "-"]
[White "WonkaEight"]
[Black "dmlowrey"]
[Result "1-0"]
[WhiteCountry "AUS"]
[BlackCountry "USA"]
[WhiteElo "1417"]
[WhiteRD "66"]
[BlackElo "1577"]
[BlackRD "76"]
[GameID "455920"]

1. e4 c5 2. Nc3 Nc6 3. Bc4 e6 4. Nf3 a6 5. d3 Nf6 6. O-O b5 7. Bb3 Bb7 8. a4 b4 9. Ne2 Qc7 10. Bf4 e5
11. Bg5 Be7 12. c3 Na5 13. cxb4 cxb4 14. Bc2 O-O 15. b3 d5 16. d4 dxe4 17. Ne1 exd4 18. Qxd4 Rad8 19. Qb2 Ng4 20. Bf4 Bd6
21. g3 Qc6 22. Nd4 Qc5 23. Nf5 Qxf5 24. Ng2 Bxf4 25. Nxf4 e3 26. Bxf5 exf2+ 27. Rxf2 Nxf2 28. Nh5 Ne4 29. Qxg7#
1-0

[Event "‘Mazing May"]
[Site "SchemingMind.com"]
[Date "2020.06.03"]
[Round "-"]
[White "John Lewis"]
[Black "WonkaEight"]
[Result "0-1"]
[WhiteCountry "WLS"]
[BlackCountry "AUS"]
[WhiteElo "1299"]
[WhiteRD "54"]
[BlackElo "1390"]
[BlackRD "67"]
[GameID "455921"]

1. e4 c5 2. c4 Qa5 3. e5 Nc6 4. Nf3 d6 5. g3 dxe5 6. Bg2 Bg4 7. O-O e4 8. d3 exf3 9. Bxf3 Bd7 10. Bd2 Qc7
11. Bf4 e5 12. Be3 Bd6 13. a3 Nf6 14. Bg5 Be7 15. Bxf6 Bxf6 16. Ra2 O-O 17. b3 Rfe8 18. Re2 Nd4 19. Re4 Bf5 20. Rf4 exf4
21. gxf4 Qxf4 22. Bxb7 Be5 23. Qh5 g6 24. Re1 gxh5 25. Bxa8 Rxa8 26. Kf1 Bxd3+ 27. Re2 Bxe2+ 28. Ke1 Qc1#
0-1